Library of the University of Algiers 3
Ibrahim Sultan Cheibout
شعار جامعة الجزائر 3
مكتبة جامعة الجزائر 3
إبراهيم سلطان شيبوط

عولمة الديمقراطية بين المجتمع والسياسة / (رقم التسجيلة. 42583)

تفاصيل مارك
000 -LEADER
fixed length control field 01239nam a2200205Ia 4500
003 - CONTROL NUMBER IDENTIFIER
control field Ost
005 - DATE AND TIME OF LATEST TRANSACTION
control field 20260507075047.0
008 - FIXED-LENGTH DATA ELEMENTS--GENERAL INFORMATION
fixed length control field 260507s9999||||xx |||||||||||||| ||und||
040 ## - CATALOGING SOURCE
Transcribing agency fsecg
041 ## - LANGUAGE CODE
Language code of text/sound track or separate title ara
100 ## - MAIN ENTRY--PERSONAL NAME
Personal name سعد، إسماعيل علي
Relator term مؤلف
245 #0 - TITLE STATEMENT
Title عولمة الديمقراطية بين المجتمع والسياسة /
Statement of responsibility, etc. إسماعيل علي سعد
260 ## - PUBLICATION, DISTRIBUTION, ETC.
Place of publication, distribution, etc. الإسكندرية:
Name of publisher, distributor, etc. دار المعرفة الجامعية,
Date of publication, distribution, etc. 2001
300 ## - PHYSICAL DESCRIPTION
Extent 345 صفحة؛
Other physical details إيضاحات ؛
Dimensions 24 سم
520 ## - SUMMARY, ETC.
Summary, etc. العلاقة بين عمل السياسة وعلم الإجتماعي السياسي-المجتمع-أساليب الضبط والسيطرة في المجتمع السياسي-قوة المجتمع في البلدان المتقدمة-بناء القوة في المجتمعات النامية(المجتمع المصري)-الدولة-نظريات العقد الإجتماعي ونشأة الدولة-التنشئة السياسية-المشاركة السياسية-ديمقراطية الحكم في النظم السياسية الحديثة
653 ## - INDEX TERM--UNCONTROLLED
Uncontrolled term الإجتماع السياسي، علم
653 ## - INDEX TERM--UNCONTROLLED
Uncontrolled term الديمقراطية
653 ## - INDEX TERM--UNCONTROLLED
Uncontrolled term السياسة
942 ## - ADDED ENTRY ELEMENTS (KOHA)
Koha item type كتب
المقتنيات
Withdrawn status Lost status Source of classification or shelving scheme Damaged status Not for loan Home library Current library Date acquired Serial enumeration / chronology Inventory number Total checkouts Full call number Barcode Date last seen Price effective from Koha item type
    Dewey Decimal Classification   NOT LOAN / إعارة داخلية مكتبة كلية العلوم الإقتصادية والعلوم التجارية وعلوم التسيير مكتبة كلية العلوم الإقتصادية والعلوم التجارية وعلوم التسيير 07/05/2026 الطابق الأرضي 435/1   أ/435ن1 435/1 07/05/2026 07/05/2026 كتب
    Dewey Decimal Classification   Available مكتبة كلية العلوم الإقتصادية والعلوم التجارية وعلوم التسيير مكتبة كلية العلوم الإقتصادية والعلوم التجارية وعلوم التسيير 07/05/2026 الطابق الثاني 435/2   أ/435ن2 435/2 07/05/2026 07/05/2026 كتب

موارد الويب المفتوحة


© University of Algiers 3 All Rights Reserved
|
Implemented by LECHELAH Riad